000
00288nam a2200133Ia 4500
005
20260328104334.0
008
260328s9999||||xx |||||||||||||| ||und||
100
_a
Daab
245
0
_a
Wood Design /
_c
Daab
260
_b
Daab
300
_a
398 p.
650
_a
CASAS DE CAMPO
942
_c
BK
999
_c
11812
_d
11812